LEADER 00677oam 2200169z- 450 001 9910698235403321 005 20190726220620.0 035 $a(CKB)3460000000105127 035 $a(EXLCZ)993460000000105127 100 $a20151109c2006uuuu -a- - 101 0 $aeng 200 00$aAnimal Enterprise Terrorism Act : hearing before the Subcommittee on Crime, Terrorism, and Homeland Security of the Committee on the Judiciary, House of Representatives, One Hundred Ninth Congress, second session, on H.R. 4239, May 23, 2006 517 $aAnimal Enterprise Terrorism Act 906 $aBOOK 912 $a9910698235403321 996 $aAnimal Enterprise Terrorism Act$93091394 997 $aUNINA